Sprechen und műndliche kommunikation im Fremdsprachenunterricht - Ansätze, Forschungsfelder und Perspektiven

Analýza rôznych prístupov a oblastí výskumu ústnej komunikácie v nemčine. Možnosti ako zabrániť chybám v toku reči.

Saved in:
Bibliographic Details
Main Author: Adamcová, Lívia
Format: Book Chapter
Language:German
Subjects:
Tags: Add Tag
No Tags, Be the first to tag this record!

MARC

LEADER 00000naa a2200000 4500
001 0240342
005 20240502073913.9
041 0 |a ger 
044 |a SK 
245 1 0 |a Sprechen und műndliche kommunikation im Fremdsprachenunterricht - Ansätze, Forschungsfelder und Perspektiven  |c Lívia Adamcová 
520 |a Analýza rôznych prístupov a oblastí výskumu ústnej komunikácie v nemčine. Možnosti ako zabrániť chybám v toku reči. 
610 2 0 |a jazyky cudzie 
610 2 0 |a nemčina 
610 2 0 |a kompetencie 
610 2 0 |a komunikácia 
100 1 |a Adamcová, Lívia